000 nam a22 7a 4500
999 _c7618
_d7618
008 170922b xxu||||| |||| 00| 0 eng d
020 _a9788123741031
100 _aPhondke Bal
_94090
245 _aAbout Time
260 _aNew Delhi
_bNational Book Trust
_c2003